| 000 | 00822nam a22001697a 4500 | ||
|---|---|---|---|
| 008 | 100408s2002 jo||||gr|||| 000 0 ara d | ||
| 020 | _a995719001 | ||
| 082 |
_222 _a320.5409174927 _bن ظ ا |
||
| 245 |
_aالنظام العربى و أفاق المستقبل / _cأحمد يوسف أحمد ...(واخ) ؛ مراجعة و تقديم طاهر كنعان |
||
| 260 |
_aعمان : _bدار الشروق ،2002 _c2002 |
||
| 300 |
_a؛161ص _c24سم. |
||
| 650 |
_913384 _aالقومية العربية |
||
| 700 |
_913385 _aأحمد، يوسف أحمد |
||
| 700 |
_913386 _aكنعان ، طاهر |
||
| 942 |
_2ddc _cBB |
||
| 999 |
_c13860 _d13860 |
||